Ako začať a ako viesť svoj vlastný prosperujúci podnik doma

Na minha lista:
Detalhes bibliográficos
Autor principal: Wright, John
Outros Autores: Máčaj, Peter
Formato: Livro
Idioma:eslovaco
Publicado em: Bratislava OMEGA 1991
Edição:1. vyd.
Tags: Adicionar Tag
Sem tags, seja o primeiro a adicionar uma tag!

MARC

LEADER 00000nam a2200000 4500
001 c024372
005 20221214093104.0
041 0 |a slo 
044 |a SK 
245 1 0 |a Ako začať a ako viesť svoj vlastný prosperujúci podnik doma  |c John Wright, Peter Máčaj 
250 |a 1. vyd. 
264 1 |a Bratislava  |b OMEGA  |c 1991 
300 |a Prer. s. 
100 1 |a Wright, John 
700 1 |a Máčaj, Peter